[Event "IECG CP.2007.P.00055 email"]
[Site "IECG email"]
[Date "2007.10.01"]
[Round "?"]
[White "Sijses, Wim"]
[Black "Humphries, Steven"]
[Result "1-0"]
[WhiteElo "944"]
[BlackElo "1338"]
[PlyCount "23"]
[EventDate "2007.10.01"]
[EventType "tourn (corr)"]
[EventRounds "6"]
[SourceTitle "Corr 2024"]
[Source "ChessBase"]
[SourceDate "2023.10.19"]
[SourceVersion "1"]
[SourceVersionDate "2023.10.19"]
[SourceQuality "1"]

1. d4 d5 2. c4 c6 3. Nf3 Nf6 4. Nc3 dxc4 5. a4 Bf5 6. e3 e6 7. Bxc4 Bb4 8. 0-0 0-0 9. Qb3 Qe7 10. Nh4 Bg4 11. f3 Bh5 12. g4 1-0